000 00734nam a2200277 a 4500
001 30356
003 AR-BaAGN
005 20231223063050.0
007 ta
008 220625s1998 ag |||||r|||| ||||||spa d
020 _a950-794-037-5
040 _dAR-BaAGN
_aAR-BaAGN
_bspa
_eaacr
100 1 _aBurdman, Julio
245 1 0 _aLos porteños en las urnas :
_b1916-1997
250 _a1ª ed.
260 _aBuenos Aires :
_bCentro de Estudios Unión para la Nueva Mayoría,
_c1998.
300 _a90 páginas
336 _2rdacontent
_btxt
337 _2rdamedia
_bn
338 _2rdacarrier
_bnc
650 4 _aELECCIONES
_91485
650 4 _aDEMOCRACIA
_91504
651 4 _aBuenos Aires
_94086
942 _cLIBRO
999 _c30356
_d30356